00303nam a22000977a 4500003000400000082001600004245008800020260007500108300001000183546001200193OSt a630bGOI/RE aReport of the national commission on agriculture 1976 :breview and progress part.1 aNew DelhibGovernment of IndiabMinistry of Agriculture and Irrigation a494p. aEnglish